Normal view
MARC view
- اللغة العربية-اللغة-اللغة العربية وتطورها
Entry Topical Term
001 - CONTROL NUMBER
- control field: 9797
003 - CONTROL NUMBER IDENTIFIER
- control field: JO-AjAnu
005 - DATE AND TIME OF LATEST TRANSACTION
- control field: 20230606071857.0
008 - FIXED-LENGTH DATA ELEMENTS
- fixed length control field: 230606|| aca||aabn | a|a d
040 ## - CATALOGING SOURCE
- Original cataloging agency: JO-AjAnu
- Transcribing agency: JO-AjAnu
150 ## - HEADING--TOPICAL TERM
- Topical term or geographic name entry element: اللغة العربية-اللغة-اللغة العربية وتطورها
670 ## - SOURCE DATA FOUND
- Source citation: Work cat.: (JO-AjAnu)5050: تاليف قورة، حسين سليمان, author 9796, نشأة اللغة العربية وتطورها: البحوث الخاصة في القراءة,الكتابة,والتعبير,الأدب,والنقد,والبلاغة:الوسائل التعليمية وتدريس اللغة العربية